| 000 | 00793nam a2200217Ia 4500 | ||
|---|---|---|---|
| 005 | 20241129105912.0 | ||
| 008 | 241129s9999||||xx |||||||||||||| ||und|| | ||
| 020 | _a978-81-8299-563-5 | ||
| 037 | _aTB | ||
| 040 |
_aARTS _bpun _cARTS |
||
| 041 |
_apun _2pun |
||
| 084 |
_aO153,3NCH1x R2 _qARTS |
||
| 100 |
_aਭੁੱਲਰ, ਗੁਰਬਚਨ ਸਿੰਘ, ਚ। _9156325 |
||
| 245 | 0 |
_aਦਲਬੀਰ ਚੇਤਨ ਦੀਆਂ 31 ਕਹਾਣੀਆਂ _cਭੁੱਲਰ, ਗੁਰਬਚਨ ਸਿੰਘ, ਚ। |
|
| 260 |
_aਦਿੱਲੀ, ਭਾਰਤ _bਦਿੱਲੀ ਆਰਸੀ ਪਬਲਕਿੇਸਨ _c2014 |
||
| 300 | _a300ਪ੍ਰ0 | ||
| 365 |
_aINR _b650 |
||
| 650 |
_aPunjabi Fiction _9179734 |
||
| 942 |
_cTB _hO153,3NCH1x R2 |
||
| 999 |
_c1226507 _d1226507 |
||